Nuevo curso simultáneo de estudios de Primera enseñanza. Curso elemental. Tercer trimestre.

Gespeichert in:
Bibliographische Detailangaben
Körperschaft: sin autor
Format: Buch
Sprache:Spanisch
Erschienen: Madrid Imprenta de Perlado, Páez y C.ª Sucesores de Hernando 1904
Katalog:MANES:  Suchergebnis im Bibliothekskatalog
Schulbuchspezifische Eigenschaften:
Tags: Tag hinzufügen
Keine Tags, Fügen Sie den ersten Tag hinzu!
Hinzugefügt zu:07.03.2023
Geändert in:20.11.2024

MARC

LEADER 00000nam a22000007a 4500
003 OSt
005 20241121020227.0
008 230308b |||||||| |||| 00| 0 spa d
040 |a centro_manes  |c Aula Museo de la Universidad de Oviedo 
111 |a sin autor  |9 42979 
245 |a Nuevo curso simultáneo de estudios de Primera enseñanza.   |b Curso elemental. Tercer trimestre.  
260 |a Madrid  |b Imprenta de Perlado, Páez y C.ª Sucesores de Hernando  |c 1904 
300 |a 892 p.   |c 17,5 x 11 cm. 
500 |a Encuadernado en tela. Ilustraciones. El contenido trimestral está organizado por meses: abril, mayo y junio.  
690 0 |a EA 
691 0 |a PRI 
942 |2 ddc  |c BK 
999 |c 100430  |d 100430 
999 |c manes:100430  |d 100430